Nursing research methodology : (Record no. 500)

MARC details
000 -LEADER
fixed length control field 00790nam a2200265 a 4500
005 - DATE AND TIME OF LATEST TRANSACTION
control field 20260322212022.0
008 - FIXED-LENGTH DATA ELEMENTS--GENERAL INFORMATION
fixed length control field data
010 ## - LIBRARY OF CONGRESS CONTROL NUMBER
LC control number 86010857
020 ## - INTERNATIONAL STANDARD BOOK NUMBER
International Standard Book Number 0871893738
020 ## - INTERNATIONAL STANDARD BOOK NUMBER
International Standard Book Number 9780871893734
040 ## - CATALOGING SOURCE
Original cataloging agency DNLM/DLC
Transcribing agency DLC
050 1# - LIBRARY OF CONGRESS CALL NUMBER
Classification number RT81.5
Item number .N8745 1986
060 ## - NATIONAL LIBRARY OF MEDICINE CALL NUMBER
Classification number WY 20.5 N9746
001 - CONTROL NUMBER
control field data
245 00 - TITLE STATEMENT
Title Nursing research methodology :
Remainder of title issues and implementation /
Statement of responsibility, etc. edited by Peggy L. Chinn.
260 0# - PUBLICATION, DISTRIBUTION, ETC.
Place of publication, distribution, etc. Rockville, Md. :
Name of publisher, distributor, etc. Aspen Publishers,
Date of publication, distribution, etc. 1986.
300 ## - PHYSICAL DESCRIPTION
Extent xvi, 309 p. :
Other physical details ill. ;
Dimensions 24 cm.
500 ## - GENERAL NOTE
General note "An Aspen publication."
504 ## - BIBLIOGRAPHY, ETC. NOTE
Bibliography, etc. note Includes bibliographical references and index.
590 ## - LOCAL NOTE (RLIN)
Local note "An Aspen publication."
650 #0 - SUBJECT ADDED ENTRY--TOPICAL TERM
Topical term or geographic name entry element Nursing
General subdivision Methodology.
-- Methodology.
650 #2 - SUBJECT ADDED ENTRY--TOPICAL TERM
Topical term or geographic name entry element Nursing.
650 #2 - SUBJECT ADDED ENTRY--TOPICAL TERM
Topical term or geographic name entry element Research
General subdivision methods.
700 1# - ADDED ENTRY--PERSONAL NAME
Personal name Chinn, Peggy L.
Holdings
Withdrawn status Lost status Damaged status Not for loan Home library Current library Shelving location Date acquired Total checkouts Full call number Barcode Date last seen Price effective from Koha item type
        Franklin Franklin General stacks 22/03/2026   RT81.5 .N8745 1986 BC0010511 22/03/2026 22/03/2026 Books